Statistics for In the Air Tonight Lyrics - Phil Collins

Click here to take the quiz!

General Stats

  • This quiz has been taken 455 times
    (445 since last reset)
  • The average score is 213 of 266

Answer Stats

Answer% Correct
a
100%
air
100%
the
100%
Can
99%
can
99%
feel
99%
I
99%
in
99%
to
99%
tonight,
99%
it
98%
coming
93%
you
93%
oh
92%
my
90%
for
87%
life,
87%
all
86%
I've
86%
been
85%
this
85%
Lord,
84%
Lord
84%
moment
84%
and
83%
And
83%
waiting
82%
me
80%
we
80%
no
76%
don't
70%
your
68%
know
67%
of
67%
were
66%
But
63%
but
63%
not
63%
remember,
63%
So
63%
if
62%
It's
61%
that
60%
who
60%
am
59%
would
59%
face
58%
hand
58%
seen
58%
told
58%
drowning,
57%
time
57%
time,
57%
Well
57%
did,
56%
before
55%
could
55%
saw
55%
there
55%
with
55%
ever
54%
eyes
54%
lend
54%
friend,
53%
what
53%
worry,
53%
how
52%
met
52%
was
52%
own
51%
where
51%
first
50%
last
50%
lies
50%
off
50%
pack
50%
two
50%
reason
49%
pain
48%
you've
48%
forget
47%
doesn't
45%
hurt
45%
show,
45%
still
45%
wipe
45%
grin,
44%
stranger
44%
silence
43%
grows
42%
keep
42%
up,
42%
fool
36%

Score Distribution

Percentile by Number Answered

Percent of People with Each Score

Your Score History

You have not taken this quiz since the last reset